Wszystkie Przystanki Autobusowe i Tramwajowe na Mokotowie - Statystyki

Ogólne statystyki
  • Ten quiz został rozwiązany 42 razy
  • Średni wynik to 54 z 141
Statystyki odpowiedzi
Przystanki % Poprawnych
Metro Pole Mokotowskie
91%
Metro Wilanowska
88%
Metro Wierzbno
84%
Rondo Unii Europejskiej
84%
Rakowiecka
81%
Wołoska
81%
Domaniewska
78%
Metro Służew
75%
Metro Racławicka
72%
PKP Służewiec
72%
Madalińskiego
69%
Morskie Oko
69%
Park Dreszera
69%
Dolna
66%
Kielecka
66%
Królikarnia
66%
Rakowiecka - Sanktuarium
66%
Wołoska - Szpital
66%
Woronicza
66%
Telewizja Polska
63%
Aleja Lotników
59%
Malczewskiego
59%
Odyńca
59%
Postępu
59%
Sielce
59%
Wynalazek
59%
Chełmska
56%
Konstruktorska
56%
Spacerowa
56%
Wyścigi
56%
Cybernetyki
53%
Samochodowa
53%
Sobieskiego
53%
Stegny
53%
Bartycka
50%
Dolina Służewiecka
50%
Sadyba
50%
Siekierki - Sanktuarium
50%
Tagore'a
50%
Wiśniowa
50%
Bełdan
47%
Bokserska
47%
Dworkowa
47%
Niedźwiedzia
47%
Nowoursynowska
47%
Świętego Bonifacego
47%
Czarnomorska
44%
Madalińskiego - Szpital
44%
Polskie Radio
44%
Tor Stegny
44%
Wałbrzyska - Cmentarz
44%
Zajezdnia Woronicza
44%
Aleja Witosa
41%
Batorego
41%
Batumi
41%
Beethovena
41%
Bobrowiecka
41%
Instytut Fizyki
41%
Iwicka
41%
Nałęczowska
41%
Do Fortu
38%
Etiudy Rewolucyjnej
38%
Kostrzewskiego
38%
Kulskiego
38%
Mangalia
38%
Modzelewskiego
38%
Warneńska
38%
Wróbla
38%
Augustówka
34%
Gołkowska
34%
Joliot-Curie
34%
Kierbedzia
34%
Konduktorska
34%
Krasickiego
34%
Limanowskiego
34%
Łowicka
34%
Małe Siekierki
34%
Miłobędzka
34%
Smoluchowskiego
34%
Spartańska
34%
Suwak
34%
Truskawiecka
34%
Elektrociepłownia Siekierki
31%
Goraszewska
31%
Klarysewska
31%
Zakrzewska
31%
Bytnara
28%
Gotarda
28%
Noskowskiego
28%
Osiedle Nowy Mokotów
28%
Osiedle Pozytywny Mokotów
28%
Stępińska
28%
Bartłomieja
25%
Budexpo
25%
Domińikańska
25%
Instytut Neurologii
25%
Jadźwingów
25%
Łososiowa
25%
Podbipięty
25%
Rondo Żabczyńśkiego
25%
Wiertnicza
25%
Wyjazd
25%
Figowa
22%
Instytut Reumatologii
22%
Jeziorko Czerniakowskie
22%
Karczocha
22%
Komputerowa
22%
Ku Wiśle
22%
Łukowa
22%
Maklakiewicza
22%
Osiedle Domaniewska
22%
Plac Bernardyński
22%
Świętego Andrzeja Boboli
22%
Ananasowa
19%
Bergamotki
19%
Obrzeźna
19%
Ogrody Działkowe Czerniaków
19%
Osiedle Bernardyńska
19%
Wielicka
19%
Wyględowska
19%
Zawodzie
19%
Batalionu AK ,,Bałtyk"
16%
Betoniarnia
16%
Buska
16%
Gąsocińska
16%
Grupy AK ,,Północ"
16%
Park Postępu
16%
Santocka
16%
Siekierkowska
16%
Statkowskiego
16%
Domaniewska Office Park
13%
Osiedle Arbuzowa
13%
Patkowskiego
13%
Kaloryczna
9%
Sypniewska
9%
Antoniewska
6%
Łucznicza
6%
Ogrody Działkowe Budowlani II
6%
Prefabet
6%
Spiralna
6%
Taminy
6%
Nie znaleziono quizów pasujących do podanych kryteriów
Rozkład punktacji
Procent ludzi z każdym wynikiem
Percentyl według liczby udzielonych odpowiedzi
Twoja historia wyników
Nie rozwiązałeś tego quizu